00405nam a2200169Ia 4500003000400000005001700004008004100021040000700062041000800069082002100077100001900098245002900117260002800146365001300174650002200187650002600209OSt20230606112153.0210423s2010 xx 000 0 und d cAL aeng a322.4 223bSALS aSALDANHA (M F) aState terrorism: tyrrany aMangalorebP U CLc2010 b120cINR aPolitical Science aRelation of the State